000 00289nam a22001337a 4500
008 170724b xxu||||| |||| 00| 0 eng d
020 _a9781571690630
041 _aeng
080 _a004
100 _a29
101 _aSHK
245 _aC++ INTERACTIVE COURSE
_cCRUDO,J
942 _2udc
_cBK
999 _c21813
_d21813